000 00629nam a2200277Ia 4500
005 20260324150413.0
008 008 260324s9999 xx 000 0 eng d
020 _a9780203714874
037 _aEBOOK
040 _aCRL
040 _beng
040 _cCRL
041 _2eng
041 _aeng
084 _qCRL
100 _aG. H. Hofstede
_91226299
245 4 _aThe Game of Budget Control
260 _bTaylor and Francis
260 _c1968
365 _a
365 _b420
856 _uhttp://www.taylorfrancis.com/books/9780203714874
942 _cEBOOK
999 _c1835690
_d1835690